| 000 | 00795nam a22002417a 4500 | ||
|---|---|---|---|
| 999 |
_c17520 _d17520 |
||
| 003 | AR-CdUCM | ||
| 008 | 190327b ||||| |||| 00| 0 spa d | ||
| 040 |
_aMUNICIPALIDAD PROVINCIAL DEL CUSCO _cBIBLIOTECA MUNICIPAL DEL CUSCO |
||
| 082 |
_a336.449 / _bEs74 |
||
| 100 |
_aEscobar, Alberto _91581 |
||
| 245 | _aPerú País bilingüe / | ||
| 260 |
_aLima : _bIEP, _c1975. |
||
| 300 |
_a150 páginas _c21 cm. |
||
| 440 |
_aPerú problema _937568 |
||
| 505 | _aContenido: Ideología y realidad -- Cultura, sociedad y lengua -- Tareas y perspectivas -- El reto del Perú bilingue. | ||
| 650 |
_aPerú _935 |
||
| 650 |
_aCiencias sociales _91096 |
||
| 650 |
_aEducación _9460 |
||
| 700 |
_aMatos Mar, José _94659 |
||
| 700 |
_aAlberti, Giorgio _923997 |
||
| 942 |
_2ddc _cLIBROS |
||
| 945 | _arcc | ||